000 00475nam a22001697a 4500
003 MPLRDC
005 20220104150421.0
008 210129b ||||| |||| 00| 0 eng d
082 _a308.9 NDZZ v.3 1997
100 _a刘君祖总编辑
245 _a牛顿杂志 3-1997 : 宇宙.地球.人类的未来
_c
260 _a
_b牛顿出版公司
_c1997
300 _b
490 _a中文国际版. 166
650 _a儿童用科学丛书
942 _cBK
_o308.9 NDZZ v.3 1997
999 _c51855
_d51845